000
00281nam a22001217a 4500
003
SGT
082
_a
370
_b
JAN
100
_a
JANGRA, RAJPAWAN
245
_a
VISUAL AND PERFORMING ARTS IN SPECIAL EDUCATION
260
_a
DELHI
_b
RI PUB.
_c
2018
300
_a
224
942
_2
ddc
_c
BK
_0
2
999
_c
17603
_d
17603